Search the Library Catalogue
| 000 -LEADER | |
|---|---|
| fixed length control field | 00837nam a2200241Ia 4500 |
| 008 - FIXED-LENGTH DATA ELEMENTS--GENERAL INFORMATION | |
| fixed length control field | 191130s1999##################000#0#eng## |
| 020 ## - INTERNATIONAL STANDARD BOOK NUMBER | |
| ISBN | 521583225 |
| 082 ## - DEWEY DECIMAL CLASSIFICATION NUMBER | |
| Classification number | 305.4209420902 MAT |
| 100 ## - MAIN ENTRY--AUTHOR NAME | |
| Personal name | Mate, Mavis E |
| 245 ## - TITLE STATEMENT | |
| Title | Women in medieval English society |
| Statement of responsibility, etc | prepared for the Economic History Society by Mavis E. Mate |
| 260 ## - PUBLICATION, DISTRIBUTION, ETC. (IMPRINT) | |
| Place of publication | Cambridge |
| Name of publisher | Cambridge University Press |
| Year of publication | 1999 |
| 300 ## - PHYSICAL DESCRIPTION | |
| Number of Pages | v, 114 p. ; 23 cm |
| 500 ## - GENERAL NOTE | |
| General note | Includes bibliographical references (p. 101-111) and index |
| 650 ## - SUBJECT ADDED ENTRY--TOPICAL TERM | |
| Topical Term | Women - England - Economic conditions |
| Topical Term | Women - England - History - Middle Ages, 500-1500 |
| Topical Term | Women - England - Social conditions |
| 710 ## - ADDED ENTRY--CORPORATE NAME | |
| Corporate name or jurisdiction name as entry element | Economic History Society |
| 991 ## - | |
| -- | 17594 |
| Withdrawn status | Lost status | Damaged status | Not for loan | Home library | Current library | Shelving location | Date acquired | Full call number | Accession Number | Price effective from | Koha item type |
|---|---|---|---|---|---|---|---|---|---|---|---|
| Anna Centenary Library | Anna Centenary Library | 3RD FLOOR, B WING | 15.10.2020 | 305.4209420902 MAT | 103357 | 15.10.2020 | English Books |